Dominique Grimaud-Hervé et al., Le Deuxième homme en Afrique : Homo ergaster, Homo erectus, Paris, Artcom’-Errance, 2002, 261 p., bibl., ill. (« Guides de la préhistoire mondiale » 4) (notice n° 1643403)
[ vue normale ]
| 000 -LEADER | |
|---|---|
| fixed length control field | 00602cam a2200145 4500500 |
| 005 - DATE AND TIME OF LATEST TRANSACTION | |
| control field | 20260201174014.0 |
| 041 ## - LANGUAGE CODE | |
| Language code of text/sound track or separate title | fre |
| 042 ## - AUTHENTICATION CODE | |
| Authentication code | dc |
| 100 10 - MAIN ENTRY--PERSONAL NAME | |
| Personal name | Masset, Claude |
| Relator term | author |
| 245 00 - TITLE STATEMENT | |
| Title | Dominique Grimaud-Hervé et al., Le Deuxième homme en Afrique : Homo ergaster, Homo erectus, Paris, Artcom’-Errance, 2002, 261 p., bibl., ill. (« Guides de la préhistoire mondiale » 4) |
| 260 ## - PUBLICATION, DISTRIBUTION, ETC. | |
| Date of publication, distribution, etc. | 2004.<br/> |
| 500 ## - GENERAL NOTE | |
| General note | 69 |
| 786 0# - DATA SOURCE ENTRY | |
| Note | L'Homme | 169 | 1 | 2004-01-01 | p. 225zf-304zf | 0439-4216 |
| 856 41 - ELECTRONIC LOCATION AND ACCESS | |
| Uniform Resource Identifier | <a href="https://shs.cairn.info/revue-l-homme-2004-1-page-225zf?lang=fr&redirect-ssocas=7080">https://shs.cairn.info/revue-l-homme-2004-1-page-225zf?lang=fr&redirect-ssocas=7080</a> |
Pas d'exemplaire disponible.




Réseaux sociaux